000 00676nam a2200217 i 4500
001 147791
003 ES-MaACL
005 20260612132717.0
007 t|
008 071005s1959 sp ||||1| spa d
080 _a930.1(04)
100 1 _aUscatescu, Jorge,
_d1919-1995
_9112293
245 1 0 _aEscatología e historia /
_cJorge Uscatescu.
260 _a[Madrid :
_bGuadarrama,
_c1959]
300 _a238 p., 3 h. ;
_c19 cm.
490 1 _aColección Guadarrama de Crítica y Ensayo ;
_v17
650 4 _aHistoria-
_xFilosofía.
_913380
830 0 _aColección Guadarrama de Crítica y Ensayo ;
_v17
_9183349
852 _aES-MaACL
_jC-15784
_bR.43883
999 _c147791
_d147791